| 000 | 00926nam a2200181 i 4500 | ||
|---|---|---|---|
| 001 | 169992 | ||
| 003 | ES-MaACL | ||
| 005 | 20230906214248.0 | ||
| 008 | 090108s1874 sp |||| | spa d | ||
| 245 | 0 | 0 |
_aDictámen presentado a la Sociedad Económica Matritense, por la Comisión especial que ha examinado los trabajos artísticos ejecutados por el Sr. D. Fausto Muñoz, como productos de su establecimiento cromo-litográfico de la ciudad de Málaga _b: aprobado... por la Corporación en sesión de 21 de marzo de 1874. |
| 260 |
_aMadrid : _b[s.n., _c1874] ( _eMálaga : _fImp. de F. Carreras e hijos) |
||
| 300 |
_a16, [2] p., [1] h. de lám. ; _c21 cm. |
||
| 597 | _aReprod. carta de Eduardo Rosales a Fausto Muñoz: [2] p. finales. | ||
| 600 | 1 | 4 |
_aMuñoz, Fausto. _9139170 |
| 710 | 2 |
_aReal Sociedad Económica Matritense de Amigos del País. _96389 |
|
| 852 |
_aES-MaACL _jT-342-F-8 |
||
| 852 |
_aES-MaACL _jT-169-F-2 |
||
| 999 |
_c169992 _d169992 |
||